ბათუმის შოთა რუსთაველის სახელმწიფო უნივერსიტეტის ბიბლიოთეკა

გულს ვუძღვნი ბავშვებს / (ბიბ.ჩანაწერი № 59172)

000 -ლიდერი
ფიქსირებული სიგრძის საკონტროლო ველი 00954nam a22002057a 4500
003 - საკონტროლო ნომრის იდენტიფიკატორი
საკონტროლო ველი Ge_BSU
005 - ბოლო ოპერაციის თარიღი და დრო
საკონტროლო ველი 20221201161807.0
008 - ფიქსირებული სიგრძის მონაცემთა ელემენტები - ზოგადი ინფორმაცია
ფიქსირებული სიგრძის საკონტროლო ველი 221201s1980ge xxu||||| |||| 00| 0 geo d
041 ## - ენის კოდი
Language code of text/sound track or separate title geo
080 ## - უნივერსალური ათობითი კლასიფიკაციის ინდექსი
Universal Decimal Classification number 37.01 ს-97
100 ## - მთავარი ჩანაწერი - პიროვნების სახელი
Personal name სუხომლინსკი, ვასილ, ავტ.
9 (RLIN) 16295
245 ## - ცნობა სათაურის შესახებ
Title გულს ვუძღვნი ბავშვებს /
Statement of responsibility, etc ვასილ სუხომლინსკი, მთარგმ. რ. ჩილაჩავა, რედ. ნ. ფავლენიშვილი
264 ## - წარმოების, გამოცემის, დისტრიბუციის და სხვა ცნობები
გამოცემის, წარმოების, დისტრიბუციის... ადგილი თბილისი :
გამოცემის, წარმოების, დისტრიბუციის... სახელწოდება განათლება,
გამოცემის, წარმოების, დისტრიბუციის... თარიღი 1980.
300 ## - ფიზიკური აღწერა
Extent 291 გვ. ;
Other physical details 22 სმ.
653 ## - INDEX TERM--UNCONTROLLED
Uncontrolled term პედაგოგიკა.
653 ## - INDEX TERM--UNCONTROLLED
Uncontrolled term ბავშვთა აღზრდა.
700 ## - ADDED ENTRY--PERSONAL NAME
Personal name ჩილაჩავა, რ
Relator term მთარგმნელი
9 (RLIN) 16296
700 ## - ADDED ENTRY--PERSONAL NAME
Personal name ფავლენიშვილი, ნ
Relator term რედაქტორი
9 (RLIN) 3115
942 ## - ADDED ENTRY ELEMENTS (KOHA)
Source of classification or shelving scheme
Koha item type წიგნი
ეგზემპლარები
ჩამოწერის სტატუსი დაკარგული ეგზემპლარის სტატუსი კლასიფიკაციის წყარო ან თაროზე გაწყობის სქემა დაზიანების სტატუსი არ გაიცემა მუდმივი მდებარეობა (დაცვის ადგილი) ამჟამინდელი ადგილსამყოფელი თაროზე განთავსების ადგილი შეძენის თარიღი ღირებულება, შესყიდვის ნორმალური ფასი სრული შენახვის შიფრი შტრიხკოდი ბოლო ოპერაციის თარიღი ეგზემპლარის მიმდევრობითი ნომერი (კეტერი?) ფასის ძალაში შესვლის თარიღი ეგზემპლარის სახეობა საჯარო შენიშვნა
          ბათუმის შოთა რუსთაველის სახელმწიფო უნივერსიტეტის მთავარი ბიბლიოთეკა ბათუმის შოთა რუსთაველის სახელმწიფო უნივერსიტეტის მთავარი ბიბლიოთეკა წიგნსაცავი 2022-12-01 8.00 37.01 ს-97 63254 2022-12-01 63254 2022-12-01 წიგნი 8.00